LEADER 02058nam 2200469 n 450 001 996396947703316 005 20200818210821.0 035 $a(CKB)4330000000345259 035 $a(EEBO)2248551435 035 $a(UnM)99832536e 035 $a(UnM)99832536 035 $a(EXLCZ)994330000000345259 100 $a19951130d1675 uy | 101 0 $aeng 135 $aurbn||||a|bb| 200 04$aThe queen-like closet, or Rich cabinet$b[electronic resource] $estored with all manner of rare receipts for preserving, candying and cookery. Very pleasant and beneficial to all ingenious persons of the female sex. To which is added, A supplement, presented to all ingenious ladies, and gentlewomen. By Hannah Wolley 205 $aThe third edition. 210 $aLondon $cprinted for Richard Lowndes at the White Lion in Duck-Lane, near West-Smithfield$d1675 215 $a[12], 344, [44], 200 p. $cill. (metalcut) 300 $aWith an added engraved title page on A2; first leaf is blank. 300 $a"The second part of the queen-like closet" and "A supplement to the queen-like closet" have individual title pages dated 1674; "A supplement" has individual pagination and register. 300 $aIncludes indexes to each part. 300 $aAdvertisement leaf follows the second part. 300 $aCopy imperfect: tightly bound with some loss of print; print show-through. 300 $aReproduction of the original in the British Library. 330 $aeebo-0018 606 $aRecipes$vEarly works to 1800 606 $aCookery$vEarly works to 1800 606 $aHome economics$vEarly works to 1800 615 0$aRecipes 615 0$aCookery 615 0$aHome economics 700 $aWoolley$b Hannah$ffl. 1670.$01002441 701 $aWoolley$b Hannah$ffl. 1670.$01002441 701 $aWoolley$b Hannah$ffl. 1670.$01002441 801 0$bCu-RivES 801 1$bCu-RivES 801 2$bWaOLN 906 $aBOOK 912 $a996396947703316 996 $aThe queen-like closet: or, Rich cabinet$92300805 997 $aUNISA LEADER 01279nam a22003131i 4500 001 991002498659707536 005 20040330131047.0 008 040407s19uu gw a||||||||||||||||ger 035 $ab12931664-39ule_inst 035 $aARCHE-091127$9ExL 040 $aDip.to Scienze Storiche$bita$cA.t.i. Arché s.c.r.l. Pandora Sicilia s.r.l. 082 04$a709.938 100 1 $aYalouris, Nikolaus$0486760 245 10$aClassiches Griechenland :$bdie Marmorskulturen des Pantheon /$cNikolaus Yalouris, F. L. Kennet ; heraugegeben Sir Herber Read, D. H. Molesworth 260 $aMünchen :$bBruckmann,$c[19..] 300 $aP. 321-325 :$bill. ;$c33 cm 500 $aEstr. da: Pantheon : internationale Zeitschrift für Kunst 650 4$aGrecia$xAntichità 651 4$aGrecia antica$xArte$xStudi 651 4$aGrecia antica$xScultura$xStudi 700 1 $aKennet, F. L. 700 1 $aRead, Herbert Edward$d<1893-1968> 700 1 $aMolesworth, Hender Delves 907 $a.b12931664$b02-04-14$c16-04-04 912 $a991002498659707536 945 $aLE009 ARTE MISC. 64/1$g1$i2009000347144$lle009$o-$pE0.00$q-$rn$so $t0$u0$v0$w0$x0$y.i13506146$z16-04-04 996 $aClassiches Griechenland$9281359 997 $aUNISALENTO 998 $ale009$b16-04-04$cm$da $e-$fger$ggw $h0$i1